[Event "Kiev Shystarev Memorial 1st"]
[Site "Kiev"]
[Date "2020.08.28"]
[Round "5"]
[White "Zubarev, Alexander2222"]
[Black "Dzupin, Dmitry"]
[Result "1-0"]
[WhiteElo "2430"]
[BlackElo "2148"]
[PlyCount "81"]
[EventDate "2020.08.25"]
[EventType "swiss"]
[EventRounds "9"]
[EventCountry "UKR"]
[SourceTitle "EXT 2022"]
[Source "ChessBase"]
[SourceDate "2021.10.06"]
[SourceVersion "1"]
[SourceVersionDate "2021.10.06"]
[SourceQuality "1"]

1. e4 c5 2. Nc3 Nc6 3. Nge2 g6 4. d4 cxd4 5. Nxd4 Bg7 6. Be3 d6 7. Qd2 Nf6 8. f3 0-0 9. g4 Bd7 10. 0-0-0 Nxd4 11. Bxd4 Qa5 12. Kb1 Rfc8 13. h4 h5 14. g5 Ne8 15. Bh3 Be6 16. Nd5 Qxd2 17. Rxd2 Kf8 18. Ne3 Bxd4 19. Rxd4 Bxh3 20. Rxh3 Ng7 21. Rb4 Rab8 22. Rh2 Ne6 23. Rd2 Nf4 24. a4 Rc5 25. c3 b6 26. Kc2 Kg7 27. Nd5 Nxd5 28. exd5 f6 29. Re4 Rb7 30. b4 Rc8 31. f4 Rbc7 32. Rd3 fxg5 33. fxg5 Rf8 34. Rde3 Rf2+ 35. Re2 Rf7 36. Kb3 Kf8 37. Re6 Rf4 38. Rxg6 Rxh4 39. Rf2+ Ke8 40. Rg8+ Kd7 41. Rff8 1-0

[Event "Lutsk Nebesna Sotnya Memorial blitz"]
[Site "Lutsk"]
[Date "2016.02.19"]
[Round "4"]
[White "Dzupin, Dmitry"]
[Black "Zubarev, Alexander2222"]
[Result "0-1"]
[WhiteElo "2211"]
[BlackElo "2556"]
[PlyCount "42"]
[EventDate "2016.02.19"]
[EventType "swiss (blitz)"]
[EventRounds "22"]
[EventCountry "UKR"]
[SourceTitle "CBM 170 Extra"]
[Source "ChessBase"]
[SourceDate "2016.02.25"]
[SourceVersion "1"]
[SourceVersionDate "2016.02.25"]
[SourceQuality "1"]

1. d4 Nf6 2. Nf3 g6 3. Bf4 d6 4. h3 c5 5. e3 Qb6 6. Qc1 Bg7 7. c3 0-0 8. Nbd2 Be6 9. Bc4 Bxc4 10. Nxc4 Qa6 11. Ncd2 Nc6 12. Qd1 cxd4 13. exd4 e5 14. dxe5 dxe5 15. Be3 Nd5 16. Qe2 Nxe3 17. fxe3 Qb6 18. Nc4 Qc5 19. 0-0-0 e4 20. Nd4 Rac8 21. Kb1 Nxd4 0-1

[Event "Lutsk Nebesna Sotnya Memorial blitz"]
[Site "Lutsk"]
[Date "2016.02.19"]
[Round "3"]
[White "Zubarev, Alexander2222"]
[Black "Dzupin, Dmitry"]
[Result "0-1"]
[WhiteElo "2556"]
[BlackElo "2211"]
[PlyCount "24"]
[EventDate "2016.02.19"]
[EventType "swiss (blitz)"]
[EventRounds "22"]
[EventCountry "UKR"]
[SourceTitle "CBM 170 Extra"]
[Source "ChessBase"]
[SourceDate "2016.02.25"]
[SourceVersion "1"]
[SourceVersionDate "2016.02.25"]
[SourceQuality "1"]

1. c4 e5 2. g3 Nf6 3. Bg2 d5 4. cxd5 Nxd5 5. Nc3 Nb6 6. d3 Be7 7. Nf3 Nc6 8. 0-0 0-0 9. a3 a5 10. Be3 Re8 11. Rc1 Bf8 12. Nb5 Bg4 0-1

[Event "Lutsk Nebesna Sotnya Memorial"]
[Site "Lutsk"]
[Date "2014.07.26"]
[Round "3"]
[White "Dzupin, Dmitry"]
[Black "Razin, Vadim"]
[Result "1/2-1/2"]
[WhiteElo "2192"]
[BlackElo "2309"]
[PlyCount "94"]
[EventDate "2014.07.26"]
[EventType "swiss"]
[EventRounds "11"]
[EventCountry "UKR"]
[SourceTitle "CBM 161 Extra"]
[Source "ChessBase"]
[SourceDate "2014.08.29"]
[SourceVersion "1"]
[SourceVersionDate "2014.08.29"]
[SourceQuality "1"]

1. d4 d5 2. c4 dxc4 3. e4 c5 4. Nf3 cxd4 5. Qxd4 Qxd4 6. Nxd4 a6 7. Bxc4 e6 8. Be3 Nf6 9. f3 Nbd7 10. Nd2 Bd6 11. 0-0 0-0 12. Rfd1 b5 13. Bf1 Bb7 14. a4 bxa4 15. Nc4 Bc5 16. Rxa4 Rab8 17. Nc2 Rfc8 18. b4 Bf8 19. Bf4 Bc6 20. Ra2 Ra8 21. Nd6 Rd8 22. Nd4 Nb8 23. Nxc6 Nxc6 24. b5 Nb4 25. Rad2 axb5 26. Nxb5 Rxd2 27. Bxd2 Nc6 28. Bc3 Nh5 29. g3 Nf6 30. g4 h6 31. h4 Be7 32. g5 hxg5 33. hxg5 Nh5 34. g6 Bc5+ 35. Kh2 Ra2+ 36. Rd2 Rxd2+ 37. Bxd2 fxg6 38. Bc4 Kf7 39. Nc7 Nd8 40. Nb5 Nc6 41. Kh3 Ne5 42. Be2 Nf6 43. Bc3 Ned7 44. Bd3 Nh5 45. Bd2 Kf6 46. Nc7 Ke7 47. Na6 Bd6 1/2-1/2

[Event "Lutsk Nebesna Sotnya Memorial"]
[Site "Lutsk"]
[Date "2014.07.26"]
[Round "6"]
[White "Voronov, Yuri"]
[Black "Dzupin, Dmitry"]
[Result "1-0"]
[WhiteElo "2267"]
[BlackElo "2192"]
[PlyCount "78"]
[EventDate "2014.07.26"]
[EventType "swiss"]
[EventRounds "11"]
[EventCountry "UKR"]
[SourceTitle "CBM 161 Extra"]
[Source "ChessBase"]
[SourceDate "2014.08.29"]
[SourceVersion "1"]
[SourceVersionDate "2014.08.29"]
[SourceQuality "1"]

1. e4 Nf6 2. e5 Nd5 3. d4 d6 4. Nf3 Bg4 5. Be2 e6 6. c4 Nb6 7. exd6 cxd6 8. Nc3 Be7 9. 0-0 0-0 10. h3 Bh5 11. b3 d5 12. c5 N6d7 13. b4 Nc6 14. b5 Na5 15. Bf4 Bxf3 16. Bxf3 a6 17. bxa6 Rxa6 18. Rb1 b6 19. Be2 Ra8 20. cxb6 Nxb6 21. Bb5 Nbc4 22. a4 Rc8 23. Qd3 Bd6 24. Bxd6 Qxd6 25. Bxc4 Rxc4 26. Nb5 Qa6 27. Na3 Rc6 28. Qxa6 Rxa6 29. Rfc1 Rc6 30. Rxc6 Nxc6 31. Nc2 Rb8 32. Rxb8+ Nxb8 33. Kf1 Kf8 34. f4 Ke7 35. Ke2 Kd6 36. Ke3 Kc6 37. Na1 Nd7 38. Nb3 Nb6 39. Nc5 Kd6 1-0

[Event "Marianske Lazne op 12th"]
[Site "Marianske Lazne"]
[Date "2013.01.23"]
[Round "6"]
[White "Aguettaz, Maxime"]
[Black "Dzupin, Dmitry"]
[Result "1-0"]
[WhiteElo "2417"]
[BlackElo "2211"]
[PlyCount "61"]
[EventDate "2013.01.19"]
[EventType "swiss"]
[EventRounds "9"]
[EventCountry "CZE"]
[SourceTitle "CBM 152 Extra"]
[Source "ChessBase"]
[SourceDate "2013.02.25"]
[SourceVersion "1"]
[SourceVersionDate "2013.02.25"]
[SourceQuality "1"]

1. Nf3 g6 2. g3 Bg7 3. Bg2 e5 4. 0-0 Nc6 5. c4 d6 6. Nc3 f5 7. d3 Nf6 8. Rb1 a5 9. a3 0-0 10. b4 axb4 11. axb4 h6 12. b5 Ne7 13. Bb2 g5 14. Ra1 Rb8 15. Nd5 f4 16. Nxf6+ Bxf6 17. Nd2 Nf5 18. Ra7 c6 19. Ne4 Qb6 20. Qa1 Be7 21. c5 dxc5 22. bxc6 fxg3 23. hxg3 c4 24. dxc4 Nd4 25. Bxd4 exd4 26. cxb7 Bg4 27. c5 Qe6 28. Qa2 Qxa2 29. Rxa2 Bf5 30. c6 Be6 31. Rd2 1-0

[Event "Marianske Lazne op 12th"]
[Site "Marianske Lazne"]
[Date "2013.01.22"]
[Round "5"]
[White "Dzupin, Dmitry"]
[Black "Stojkovic, Andreja"]
[Result "1-0"]
[WhiteElo "2211"]
[BlackElo "1973"]
[PlyCount "97"]
[EventDate "2013.01.19"]
[EventType "swiss"]
[EventRounds "9"]
[EventCountry "CZE"]
[SourceTitle "CBM 152 Extra"]
[Source "ChessBase"]
[SourceDate "2013.02.25"]
[SourceVersion "1"]
[SourceVersionDate "2013.02.25"]
[SourceQuality "1"]

1. d4 Nf6 2. Nf3 g6 3. Bf4 Bg7 4. h3 d6 5. e3 0-0 6. Be2 Nfd7 7. c3 Nc6 8. 0-0 e5 9. Bh2 f5 10. Nbd2 Qe7 11. b4 Kh8 12. Rc1 e4 13. Ne1 Bh6 14. Nc2 Nf6 15. c4 g5 16. b5 Nd8 17. Re1 Rg8 18. Nb4 g4 19. hxg4 Nxg4 20. Nd5 Qf7 21. Bf4 Bxf4 22. Nxf4 Ne6 23. Nf1 Nxf4 24. exf4 Bd7 25. Rc3 Rg7 26. Rg3 Rag8 27. Qd2 Qh5 28. Qc3 Qh4 29. Bxg4 Rxg4 30. d5+ R8g7 31. Ree3 h5 32. Qd4 Kh7 33. Qxa7 b6 34. a4 Qf6 35. a5 bxa5 36. Qxa5 h4 37. Rxg4 Rxg4 38. Qxc7 Qg7 39. g3 Rxf4 40. Ra3 e3 41. Rxe3 Re4 42. Rxe4 fxe4 43. Qd8 h3 44. b6 e3 45. Nxe3 Qf7 46. f4 Qg7 47. Qh4+ Kg8 48. Qg5 Qxg5 49. fxg5 1-0

[Event "Yuzhny op"]
[Site "Yuzhny"]
[Date "2011.09.05"]
[Round "5"]
[White "Dzupin, Dmitry"]
[Black "Pen Li, Min"]
[Result "1/2-1/2"]
[WhiteElo "2230"]
[BlackElo "2062"]
[PlyCount "58"]
[EventDate "2011.09.03"]
[EventType "swiss"]
[EventRounds "9"]
[EventCountry "UKR"]
[SourceTitle "CBM 144 Extra"]
[Source "ChessBase"]
[SourceDate "2011.10.28"]
[SourceVersion "1"]
[SourceVersionDate "2011.10.28"]
[SourceQuality "1"]

1. d4 Nf6 2. Nf3 d5 3. c4 dxc4 4. e3 e6 5. Bxc4 c5 6. 0-0 a6 7. Qe2 cxd4 8. Rd1 Be7 9. Nxd4 Qc7 10. b3 0-0 11. Bb2 Nc6 12. Nd2 Bd7 13. Bd3 Rfd8 14. Rac1 Rac8 15. Bb1 Nxd4 16. exd4 Qb8 17. Nc4 b5 18. Ne5 Be8 19. f4 g6 20. Rxc8 Rxc8 21. f5 exf5 22. Nxg6 hxg6 23. Qxe7 Nd5 24. Qg5 Qf4 25. Qxf4 Nxf4 26. d5 Rd8 27. d6 Bc6 28. Ba3 Bxg2 29. Kf2 Bb7 1/2-1/2

[Event "UKR-ch sf"]
[Site "Alushta"]
[Date "2011.05.07"]
[Round "5"]
[White "Dzupin, Dmitry"]
[Black "Triapishko, Alexandr"]
[Result "0-1"]
[WhiteElo "2250"]
[BlackElo "1957"]
[PlyCount "132"]
[EventDate "2011.05.03"]
[EventType "swiss"]
[EventRounds "9"]
[EventCountry "UKR"]
[SourceTitle "CBM 142 Extra"]
[Source "ChessBase"]
[SourceDate "2011.06.27"]
[SourceVersion "1"]
[SourceVersionDate "2011.06.27"]
[SourceQuality "1"]

1. d4 c5 2. d5 e5 3. e4 d6 4. Nc3 g6 5. f4 Nd7 6. Nf3 exf4 7. Bxf4 f6 8. Be2 Nh6 9. 0-0 Nf7 10. Rb1 Bg7 11. Nd2 0-0 12. Bg4 Nde5 13. Be6 Qe8 14. Bxe5 dxe5 15. Bxc8 Rxc8 16. Nc4 Qd7 17. a4 b6 18. d6 Rcd8 19. Qd5 Kh8 20. Rbd1 f5 21. Nb5 Rb8 22. b3 f4 23. Nc7 g5 24. Qe6 Rfd8 25. Rd5 Kg8 26. Rfd1 Rbc8 27. a5 Rb8 28. axb6 axb6 29. Qe7 Rb7 30. Qxd7 Rxd7 31. Ra1 Rb8 32. Nb5 g4 33. Ra6 Rdb7 34. d7 Bf6 35. Ra7 Kf8 36. Kf2 h5 37. Ke2 h4 38. h3 gxh3 39. gxh3 Ke7 40. Nxb6 Kd8 41. Rxc5 Rxb6 42. Rc8+ Rxc8 43. dxc8Q+ Kxc8 44. Rxf7 Rxb5 45. Rxf6 Kd7 46. Rh6 Rb4 47. Kf3 Rd4 48. Rxh4 Rd2 49. Rh7+ Kd6 50. Rh6+ Kd7 51. Kg4 Rxc2 52. h4 Rc3 53. Rb6 Ke7 54. h5 Rg3+ 55. Kh4 Rg1 56. Rg6 Rh1+ 57. Kg4 Rg1+ 58. Kf3 Rh1 59. h6 Kf7 60. Rb6 Rh3+ 61. Kg4 Rg3+ 62. Kf5 f3 63. Rb7+ Kg8 64. h7+ Kh8 65. Kxe5 Rg5+ 66. Kd4 Rf5 0-1

[Event "Yuzhny op"]
[Site "Yuzhny"]
[Date "2010.09.11"]
[Round "8"]
[White "Miljutin, Oleg"]
[Black "Dzupin, Dmitry"]
[Result "0-1"]
[WhiteElo "2166"]
[BlackElo "2251"]
[PlyCount "58"]
[EventDate "2010.09.07"]
[EventType "swiss"]
[EventRounds "9"]
[EventCountry "UKR"]
[SourceTitle "CBM 138 Extra"]
[Source "ChessBase"]
[SourceDate "2010.10.29"]
[SourceVersion "1"]
[SourceVersionDate "2010.10.29"]
[SourceQuality "1"]

1. e4 c5 2. Nf3 e6 3. b3 d5 4. Bb5+ Nc6 5. Bxc6+ bxc6 6. Nc3 Nf6 7. e5 Nd7 8. 0-0 Be7 9. Re1 0-0 10. d3 Ba6 11. Qd2 Qc7 12. Ba3 Rae8 13. Na4 Bb5 14. Nb2 f6 15. c4 Ba6 16. exf6 Rxf6 17. Na4 Ref8 18. Qe3 d4 19. Qe4 Bd6 20. h3 Rf4 21. Qxe6+ Kh8 22. Ng5 Rxf2 23. Qe4 Nf6 24. Ne6 Bh2+ 25. Kh1 Qg3 26. Qxc6 Rc8 27. Nc7 h6 28. Re7 Ng4 29. Qe4 Bg1 0-1

[Event "Yuzhny op"]
[Site "Yuzhny"]
[Date "2010.09.09"]
[Round "5"]
[White "Dzupin, Dmitry"]
[Black "Polivanov, Anatoliy"]
[Result "0-1"]
[WhiteElo "2251"]
[BlackElo "2380"]
[PlyCount "64"]
[EventDate "2010.09.07"]
[EventType "swiss"]
[EventRounds "9"]
[EventCountry "UKR"]
[SourceTitle "CBM 138 Extra"]
[Source "ChessBase"]
[SourceDate "2010.10.29"]
[SourceVersion "1"]
[SourceVersionDate "2010.10.29"]
[SourceQuality "1"]

1. Nf3 Nf6 2. g3 e6 3. Bg2 d5 4. c4 d4 5. d3 c5 6. e3 Nc6 7. exd4 cxd4 8. 0-0 Be7 9. Re1 0-0 10. Na3 Ne8 11. Nc2 a5 12. Rb1 f6 13. a3 a4 14. b4 axb3 15. Rxb3 e5 16. Nb4 Nxb4 17. axb4 Bg4 18. Rb2 Nc7 19. Qb3 Rb8 20. b5 Ne6 21. Qc2 Nc5 22. Nd2 Qa5 23. Bf1 Qc3 24. Ra2 Ra8 25. Qxc3 dxc3 26. Rxa8 Rxa8 27. Nb1 c2 28. Na3 Bd1 29. d4 Nb3 30. Nxc2 Bxc2 31. dxe5 Bb4 32. Re2 Bd1 0-1

[Event "Yuzhny op"]
[Site "Yuzhny"]
[Date "2010.09.08"]
[Round "2"]
[White "Diachuk, Nikolay"]
[Black "Dzupin, Dmitry"]
[Result "0-1"]
[WhiteElo "2037"]
[BlackElo "2251"]
[PlyCount "74"]
[EventDate "2010.09.07"]
[EventType "swiss"]
[EventRounds "9"]
[EventCountry "UKR"]
[SourceTitle "CBM 138 Extra"]
[Source "ChessBase"]
[SourceDate "2010.10.29"]
[SourceVersion "1"]
[SourceVersionDate "2010.10.29"]
[SourceQuality "1"]

1. Nf3 Nf6 2. b3 d5 3. Bb2 Bf5 4. g3 e6 5. Bg2 Bd6 6. 0-0 Nbd7 7. d3 Qe7 8. Nbd2 0-0 9. Nd4 Bg6 10. Nb5 Bb4 11. Nxc7 Rac8 12. Nb5 a6 13. Nd4 e5 14. N4f3 e4 15. Nh4 e3 16. Ndf3 exf2+ 17. Kh1 Ng4 18. Bd4 Bc3 19. Bxc3 Rxc3 20. Qd2 Rfc8 21. Rac1 Ne3 22. Nxg6 hxg6 23. Rxf2 Rxc2 24. Rxc2 Rxc2 25. Qe1 Qa3 26. Ng1 Rc1 27. Qd2 d4 28. Rf4 Rd1 29. Qxd1 Nxd1 30. Bxb7 Nc5 31. Bd5 Ne6 32. Bxe6 fxe6 33. Rxd4 Qxa2 34. Ra4 Qxb3 35. Ra5 Ne3 36. h3 Qb7+ 37. Nf3 Qb1+ 0-1

[Event "Olomouc op"]
[Site "Olomouc"]
[Date "2009.08.10"]
[Round "6"]
[White "Dzupin, Dmitry"]
[Black "Korchagina, Victoria"]
[Result "1-0"]
[WhiteElo "2270"]
[BlackElo "2166"]
[PlyCount "81"]
[EventDate "2009.08.05"]
[EventType "swiss"]
[EventRounds "9"]
[EventCountry "CZE"]
[SourceTitle "CBM 131 Extra"]
[Source "ChessBase"]
[SourceDate "2009.09.03"]
[SourceVersion "2"]
[SourceVersionDate "2009.09.16"]
[SourceQuality "1"]

1. d4 Nf6 2. Nf3 g6 3. c4 Bg7 4. g3 0-0 5. Bg2 d6 6. Nc3 Nbd7 7. 0-0 e5 8. h3 a6 9. e4 b5 10. dxe5 dxe5 11. Qe2 c6 12. Rd1 Qe7 13. b3 Rb8 14. Bb2 Nc5 15. b4 Nb7 16. c5 a5 17. a3 Ne8 18. Qe1 Be6 19. Rd2 Bb3 20. Qe3 a4 21. Re1 Nc7 22. Nb1 Rbe8 23. h4 Nd8 24. Kh2 f6 25. Rd6 Nf7 26. Rxc6 f5 27. exf5 gxf5 28. Nd4 exd4 29. Qxe7 Rxe7 30. Rxe7 Nd5 31. Ra7 Nc3 32. Nd2 Ne5 33. Rcc7 Bf7 34. c6 Bh6 35. Nf3 Ng4+ 36. Kg1 f4 37. Rxf7 fxg3 38. Rxf8+ Bxf8 39. Nxd4 gxf2+ 40. Kf1 Nd1 41. Bc1 1-0

[Event "Olomouc op"]
[Site "Olomouc"]
[Date "2009.08.09"]
[Round "5"]
[White "Kasparova, Tatiana"]
[Black "Dzupin, Dmitry"]
[Result "1/2-1/2"]
[WhiteElo "2169"]
[BlackElo "2270"]
[PlyCount "68"]
[EventDate "2009.08.05"]
[EventType "swiss"]
[EventRounds "9"]
[EventCountry "CZE"]
[SourceTitle "CBM 131 Extra"]
[Source "ChessBase"]
[SourceDate "2009.09.03"]
[SourceVersion "2"]
[SourceVersionDate "2009.09.16"]
[SourceQuality "1"]

1. e4 c5 2. Nf3 e6 3. d4 cxd4 4. Nxd4 Nf6 5. Bd3 Nc6 6. Nxc6 dxc6 7. 0-0 e5 8. Nd2 Bc5 9. Nf3 Qe7 10. Qe2 0-0 11. Bg5 Bd7 12. Rad1 Rad8 13. a3 h6 14. Be3 Bg4 15. b4 Bxe3 16. Qxe3 Nh5 17. Rfe1 Rd6 18. Be2 Nf4 19. Rxd6 Qxd6 20. Bf1 Bxf3 21. Qxf3 Rd8 22. g3 Qd2 23. Re3 Ne6 24. Bc4 Ng5 25. Re2 Qd1+ 26. Kg2 Qd7 27. Re1 Qh3+ 28. Kg1 Rd2 29. Bf1 Qd7 30. h4 Ne6 31. Bh3 Rxc2 32. Bxe6 Qxe6 33. Qd3 Qa2 34. Rf1 b5 1/2-1/2

[Event "Kiev Independence Cup-A 7th"]
[Site "Kiev"]
[Date "2007.08.16"]
[Round "4"]
[White "Moiseev, Igor"]
[Black "Dzupin, Dmitry"]
[Result "1-0"]
[WhiteElo "2217"]
[BlackElo "2298"]
[PlyCount "43"]
[EventDate "2007.08.13"]
[EventType "swiss"]
[EventRounds "11"]
[EventCountry "UKR"]
[SourceTitle "CBM 119 Extra"]
[Source "ChessBase"]
[SourceDate "2007.09.04"]
[SourceVersion "1"]
[SourceVersionDate "2007.09.04"]
[SourceQuality "1"]

1. e4 g6 2. d4 Bg7 3. c4 c5 4. d5 d6 5. Nc3 e6 6. f4 exd5 7. cxd5 a6 8. a4 f5 9. e5 dxe5 10. fxe5 Nd7 11. e6 Qh4+ 12. g3 Bxc3+ 13. bxc3 Qe4+ 14. Kf2 Qxh1 15. exd7+ Bxd7 16. Bg2 Qxh2 17. Qe2+ Kf8 18. Qe5 Re8 19. Qxh8 Kf7 20. Bg5 f4 21. gxf4 Bf5 22. Nf3 1-0

[Event "Kiev Independence Cup-A 7th"]
[Site "Kiev"]
[Date "2007.08.14"]
[Round "2"]
[White "Dzupin, Dmitry"]
[Black "Burakovsky, Marat"]
[Result "1-0"]
[WhiteElo "2298"]
[BlackElo "2032"]
[PlyCount "53"]
[EventDate "2007.08.13"]
[EventType "swiss"]
[EventRounds "11"]
[EventCountry "UKR"]
[SourceTitle "CBM 119 Extra"]
[Source "ChessBase"]
[SourceDate "2007.09.04"]
[SourceVersion "1"]
[SourceVersionDate "2007.09.04"]
[SourceQuality "1"]

1. d4 d5 2. c4 Nc6 3. Nf3 Bg4 4. Nc3 Bxf3 5. exf3 Nf6 6. Bg5 dxc4 7. d5 Ne5 8. Qd4 Nd3+ 9. Bxd3 cxd3 10. 0-0 c6 11. Bxf6 gxf6 12. Rfe1 Bg7 13. d6 e6 14. f4 0-0 15. f5 e5 16. Qxd3 Qd7 17. Rad1 h6 18. Re3 Kh7 19. Ne4 b6 20. Rh3 Rh8 21. Rxh6+ Kg8 22. Rxh8+ Bxh8 23. Qg3+ Kf8 24. Qh4 Bg7 25. Nxf6 Qd8 26. Nh7+ Kg8 27. f6 1-0

[Event "Kiev Independence Cup-A 6th"]
[Site "Kiev"]
[Date "2006.08.21"]
[Round "9"]
[White "Palkovich, Denis"]
[Black "Dzupin, Dmitry"]
[Result "1-0"]
[WhiteElo "2212"]
[BlackElo "2311"]
[PlyCount "73"]
[EventDate "2006.08.13"]
[EventType "swiss"]
[EventRounds "11"]
[EventCountry "UKR"]
[SourceTitle "CBM 113 Extra"]
[Source "ChessBase"]
[SourceDate "2006.09.14"]
[SourceVersion "1"]
[SourceVersionDate "2006.09.14"]
[SourceQuality "1"]

1. e4 c5 2. Nf3 e6 3. d4 cxd4 4. Nxd4 Nf6 5. Nc3 d6 6. Bg5 Be7 7. f4 h6 8. Bh4 a6 9. Qf3 Nbd7 10. 0-0-0 g5 11. fxg5 hxg5 12. Bxg5 Ne5 13. Qe2 b5 14. Nf3 b4 15. Nxe5 bxc3 16. Nc4 Rb8 17. Bxf6 Bxf6 18. Nxd6+ Kf8 19. Nc4 Bg5+ 20. Kb1 Rxb2+ 21. Ka1 Qe7 22. Nxb2 cxb2+ 23. Kb1 Bb7 24. h4 Rxh4 25. Rxh4 Bxh4 26. Qh5 Bf6 27. Bd3 Qb4 28. e5 Bd5 29. exf6 Bxa2+ 30. Kxa2 b1Q+ 31. Rxb1 Qa4+ 32. Kb2 Qb4+ 33. Kc1 Qe1+ 34. Qd1 Qe3+ 35. Qd2 Qg1+ 36. Kb2 Qb6+ 37. Ka2 1-0

[Event "Kiev Independence Cup-A 6th"]
[Site "Kiev"]
[Date "2006.08.20"]
[Round "8"]
[White "Dzupin, Dmitry"]
[Black "Odnorozhenko, Evgenyi"]
[Result "0-1"]
[WhiteElo "2311"]
[BlackElo "2242"]
[PlyCount "58"]
[EventDate "2006.08.13"]
[EventType "swiss"]
[EventRounds "11"]
[EventCountry "UKR"]
[SourceTitle "CBM 113 Extra"]
[Source "ChessBase"]
[SourceDate "2006.09.14"]
[SourceVersion "1"]
[SourceVersionDate "2006.09.14"]
[SourceQuality "1"]

1. d4 Nf6 2. Nf3 d5 3. c4 dxc4 4. e3 Bg4 5. Bxc4 e6 6. h3 Bh5 7. 0-0 Nbd7 8. Qe2 Bd6 9. e4 e5 10. d5 0-0 11. Nc3 h6 12. Kh2 Nc5 13. Bd3 Nfxe4 14. Nxe4 Nxe4 15. Bxe4 f5 16. g4 fxe4 17. Qxe4 Bxg4 18. Qxg4 Rxf3 19. Bxh6 Qf6 20. Be3 e4+ 21. Kg2 Qe5 22. Qe6+ Qxe6 23. dxe6 Re8 24. Rfe1 Rxe6 25. Bxa7 b6 26. a4 Rg6+ 27. Kf1 Be5 28. Re2 Rxh3 29. Ree1 Rh2 0-1

[Event "UKR-ch sf"]
[Site "Alushta"]
[Date "2004.05.09"]
[Round "6"]
[White "Dzupin, Dmitry"]
[Black "Iljin, Timofey"]
[Result "1-0"]
[WhiteElo "2313"]
[BlackElo "2266"]
[PlyCount "46"]
[EventDate "2004.05.04"]
[EventType "swiss"]
[EventRounds "9"]
[EventCountry "UKR"]
[SourceTitle "EXT 2005"]
[Source "ChessBase"]
[SourceDate "2004.11.15"]
[SourceVersion "1"]
[SourceVersionDate "2004.11.15"]
[SourceQuality "1"]

1. d4 Nf6 2. Nf3 e6 3. Bg5 c5 4. e3 Be7 5. Nbd2 0-0 6. c3 Nc6 7. Bxf6 gxf6 8. Bd3 f5 9. Rg1 d5 10. g4 fxg4 11. Ne5 Nxe5 12. dxe5 Kh8 13. Bxh7 f5 14. exf6 Rxf6 15. Qxg4 Qf8 16. Bg6 Qh6 17. Bc2 Rf8 18. Qg3 Bd7 19. Qc7 Rad8 20. 0-0-0 Rxf2 21. Rg6 Qxe3 22. Kb1 Qf4 23. Rdg1 Rf1+ 1-0

[Event "UKR-ch sf"]
[Site "Alushta"]
[Date "2004.05.08"]
[Round "5"]
[White "Ryskal, Vladimir"]
[Black "Dzupin, Dmitry"]
[Result "0-1"]
[WhiteElo "2178"]
[BlackElo "2313"]
[PlyCount "124"]
[EventDate "2004.05.04"]
[EventType "swiss"]
[EventRounds "9"]
[EventCountry "UKR"]
[SourceTitle "EXT 2005"]
[Source "ChessBase"]
[SourceDate "2004.11.15"]
[SourceVersion "1"]
[SourceVersionDate "2004.11.15"]
[SourceQuality "1"]

1. d4 c5 2. e3 e6 3. c4 Nf6 4. Nf3 b6 5. Nc3 Bb7 6. Bd3 Be7 7. a3 0-0 8. e4 cxd4 9. Nxd4 d5 10. cxd5 exd5 11. e5 Ne4 12. Qc2 Nd7 13. Nxe4 dxe4 14. Bxe4 Bxe4 15. Qxe4 Nxe5 16. 0-0 Bf6 17. Be3 Qd7 18. Rad1 Rad8 19. h3 Rfe8 20. Qc2 g6 21. a4 Rc8 22. Qb3 Nc4 23. Nb5 Qe7 24. Bd4 a6 25. Nc3 Bxd4 26. Rxd4 Qc5 27. Rd3 Re5 28. Nb1 Re2 29. Nc3 Rxb2 30. Qd1 Re8 31. Rd5 Qe7 32. Qd4 Rb4 33. Rd7 Qe5 34. Qd3 Nb2 35. Qd5 Re6 36. Qa8+ Re8 37. Qd5 Re6 38. Qa8+ Re8 39. Qd5 Rf4 40. Qb3 Qe6 41. Nd5 Nxa4 42. Qd1 Nc5 43. Ra7 Rf5 44. Nc7 Qe7 45. Nxe8 Qxa7 46. Qd4 Ne6 47. Nf6+ Kg7 48. Nh5+ Kf8 49. Qh8+ Ke7 50. Ng3 Rf4 51. Ne2 Rc4 52. Re1 b5 53. g3 Re4 54. Kf1 Qc5 55. Qa8 Qc4 56. Qxa6 Kf8 57. Qa8+ Kg7 58. f3 Rxe2 59. Rxe2 Nd4 60. Qe4 Qxe2+ 61. Qxe2 Nxe2 62. Kxe2 Kf6 0-1

[Event "UKR-ch sf"]
[Site "Alushta"]
[Date "2004.05.06"]
[Round "3"]
[White "Matjushin, Gennady"]
[Black "Dzupin, Dmitry"]
[Result "1-0"]
[WhiteElo "2422"]
[BlackElo "2313"]
[PlyCount "64"]
[EventDate "2004.05.04"]
[EventType "swiss"]
[EventRounds "9"]
[EventCountry "UKR"]
[SourceTitle "EXT 2005"]
[Source "ChessBase"]
[SourceDate "2004.11.15"]
[SourceVersion "1"]
[SourceVersionDate "2004.11.15"]
[SourceQuality "1"]

1. e4 e5 2. Nf3 d6 3. d4 Nd7 4. c4 Ngf6 5. Nc3 c6 6. Be2 Be7 7. 0-0 0-0 8. Be3 Qc7 9. d5 cxd5 10. cxd5 Nc5 11. Rc1 Qb8 12. Nd2 Bd7 13. b4 Na6 14. a3 Nc7 15. f3 Qe8 16. Nc4 Nb5 17. Nxb5 Bxb5 18. Na5 Ba4 19. Qe1 Qd7 20. Qf2 a6 21. Nc4 Bd8 22. Rc3 Rc8 23. Rfc1 Bc7 24. Nb2 Bb5 25. Bd1 Qd8 26. Nc4 Bd7 27. Nb6 Bxb6 28. Bxb6 Qe7 29. Rc7 Nh5 30. Ba4 Qg5 31. Bb3 Rxc7 32. Rxc7 Nf4 1-0

[Event "Kiev-ch"]
[Site "Kiev"]
[Date "2004.01.28"]
[Round "10"]
[White "Kalinkin, Boris"]
[Black "Dzupin, Dmitry"]
[Result "0-1"]
[WhiteElo "2213"]
[BlackElo "2297"]
[PlyCount "80"]
[EventDate "2004.01.16"]
[EventType "swiss"]
[EventRounds "11"]
[EventCountry "UKR"]
[SourceTitle "CBM 098 Extra"]
[Source "ChessBase"]
[SourceDate "2004.03.10"]
[SourceVersion "2"]
[SourceVersionDate "2004.03.10"]
[SourceQuality "1"]

1. d4 Nf6 2. c4 g6 3. Nc3 d5 4. cxd5 Nxd5 5. e4 Nxc3 6. bxc3 c5 7. Bc4 Bg7 8. Ne2 0-0 9. 0-0 Nd7 10. Be3 Qc7 11. Rc1 Rb8 12. Qd2 Rd8 13. Bh6 Ne5 14. Bb3 Nc6 15. Rfd1 b6 16. Bf4 e5 17. Bg5 Rd7 18. d5 Na5 19. c4 f6 20. Bh6 Nb7 21. Ba4 Bxh6 22. Qxh6 Rg7 23. Nc3 a6 24. Qd2 Nd6 25. Qd3 Qd8 26. Bc6 f5 27. f3 f4 28. g4 h5 29. gxh5 Qg5+ 30. Kh1 Qxh5 31. Rd2 g5 32. Ne2 g4 33. fxg4 Bxg4 34. Ng1 b5 35. Rb2 Qh7 36. Nf3 Bxf3+ 37. Qxf3 Nxe4 38. Re2 Ng3+ 39. Kg1 e4 40. Qxf4 Nxe2+ 0-1